| 000 | 00596nam a22001577a 4500 | ||
|---|---|---|---|
| 082 | _a610 | ||
| 100 | _aRehman, Muhammad Zia Ur | ||
| 245 |
_aDesign and Analysis Study for a Cost Effective and/or Better Quality Hearing Aid Device _cMuhammad Zia Ur Rehman |
||
| 260 |
_aIslamabad : _bSMME - NUST, _c2014. |
||
| 300 |
_a97 p. ; _c30cm. |
||
| 650 |
_aBiomedical Engineering and Science-MS-Thesis _925782 |
||
| 700 |
_aDr. Syed Irtiza Ali Shah _917447 |
||
| 856 | _uhttp://10.250.8.41:8080/xmlui/handle/123456789/5776 | ||
| 942 |
_2ddc _cTHE |
||
| 999 |
_c541155 _d541155 |
||